|
|
|
|
| LEADER |
00000nam0a2200000 4500 |
| 001 |
332756 |
| 005 |
20231102004504.0 |
| 035 |
|
|
|a (RuTPU)RU\TPU\book\358728
|
| 090 |
|
|
|a 332756
|
| 100 |
|
|
|a 20170530d1970 m y0rusy50 ca
|
| 101 |
0 |
|
|a rus
|
| 102 |
|
|
|a RU
|
| 105 |
|
|
|a a j 000zy
|
| 200 |
1 |
|
|a Корреспонденция и делопроизводство
|e учебное пособие
|f В. А. Бахарев, Г. Н. Корякин
|
| 210 |
|
|
|a Москва
|c Экономика
|d 1970
|
| 215 |
|
|
|a 207 с.
|c ил.
|
| 606 |
1 |
|
|a Делопроизводство
|x Стандартизация
|2 stltpush
|3 (RuTPU)RU\TPU\subj\9049
|9 36339
|
| 610 |
1 |
|
|a корреспонденция
|
| 610 |
1 |
|
|a деловая переписка
|
| 610 |
1 |
|
|a механизация
|
| 610 |
1 |
|
|a канцелярия
|
| 610 |
1 |
|
|a распорядительные документы
|
| 610 |
1 |
|
|a документация
|
| 610 |
1 |
|
|a финансовые операции
|
| 610 |
1 |
|
|a протоколы
|
| 610 |
1 |
|
|a договоры
|
| 610 |
1 |
|
|a письма
|
| 610 |
1 |
|
|a приказы
|
| 610 |
1 |
|
|a учет
|
| 610 |
1 |
|
|a обработка
|
| 610 |
1 |
|
|a классификация
|
| 610 |
1 |
|
|a систематизация
|
| 610 |
1 |
|
|a хранение
|
| 610 |
1 |
|
|a учебные пособия
|
| 675 |
|
|
|a 651.4/.9(075.8)
|v 4
|
| 700 |
|
1 |
|a Бахарев
|b В. А.
|g Виталий Александрович
|
| 701 |
|
1 |
|a Корякин
|b Г. Н.
|g Георгий Николаевич
|
| 801 |
|
1 |
|a RU
|b 63413507
|c 20170530
|
| 801 |
|
2 |
|a RU
|b 63413507
|c 20170602
|g RCR
|
| 942 |
|
|
|c BK
|